| 000 | 00785nam a22002537a 4500 | ||
|---|---|---|---|
| 005 | 20251108173420.0 | ||
| 008 | 250721s2005 xx 000 0 ara d | ||
| 020 | _a9953631654 | ||
| 082 | 1 | 4 | _aط/612.85فري |
| 100 | 1 | _aفريجي، امل ايوب | |
| 245 | 1 | 0 | _aإسمعوا و أحزرو / |
| 250 | _a2 | ||
| 264 | 1 |
_aبيروت : _bدار العلم للملايين، _c2005. |
|
| 300 | _a30ص | ||
| 490 | 0 |
_aسلسلة نادي القراء :الحواس الخمس _v1 |
|
| 650 | 1 | 7 | _aالقصص القصيرة |
| 650 | 1 | 7 | _aالسمع |
| 650 | 1 | 7 | _aالصوت |
| 650 | 1 | 7 | _aادب الاطفال |
| 653 | _aمرحلة ما قبل المدرسة (0-5)سنة | ||
| 700 | 1 |
_aجوفسكي، ميشال ستند _eDraft. |
|
| 942 |
_2ddc _cBK |
||
| 999 |
_c103360 _d103360 |
||